00394nam a2200145Ia 4500003000400000005001700004008004100021040001800062041000800080100004800088110001900136245004100155260002000196710003200216OSt20260309112412.0211028s2011 xx 000 0 und d cAIMIT LIBRARY aeng aShanbhaga, Shailesh; Prabhu, Arvind.g81730 aNausheeda B S. aTime sheet and payroll application / aBangalorec2011 aSprint Technologies Pvt Ltd